|
|
|
|
| LEADER |
01224nam a2200289 4500 |
| 001 |
5683 |
| 003 |
BD-DhAAL |
| 005 |
20231204144000.0 |
| 008 |
171221t1996 bg a |bs f000 0 eng d |
| 020 |
|
|
|a 9845082394
|
| 040 |
|
|
|a BD-DhAAL
|
| 082 |
|
|
|2 20
|a 304.6095492
|
| 245 |
|
|
|a Bangladesh population census, 1991 :
|b Zila : Jhenaidha
|
| 246 |
|
|
|a বাংলাদেশ আদমশুমারী ১৯৯১ : জেলা : ঝিনাইদাহ্
|
| 260 |
|
|
|a Dhaka :
|b Bangladesh Bureau of Statistics, Statistics Division, Ministry of Planning, Govt. of the People's Republic of Bangladesh,
|c 1996
|
| 300 |
|
|
|a xiv, 218 pages :
|b illustrations ;
|c 28 cm.
|
| 490 |
|
|
|a Community series
|
| 500 |
|
|
|a Chiefly statistical tables.
|
| 526 |
|
|
|a AAL
|
| 541 |
|
|
|e 5683
|
| 651 |
|
|
|a Bangladesh
|x Population
|v Statistics
|9 24330
|
| 651 |
|
|
|a Bangladesh
|x Census, 1991
|9 24331
|
| 710 |
|
|
|a Bangladesh Bureau of Statistics
|9 24332
|
| 852 |
|
|
|a Ayesha Abed Library
|c Reference Section
|
| 942 |
|
|
|2 ddc
|c BK
|
| 999 |
|
|
|c 38860
|d 38860
|
| 952 |
|
|
|0 0
|1 0
|2 ddc
|4 0
|6 304_609549200000000_BAN
|7 1
|8 RPT
|9 62349
|a BRACUL
|b BRACUL
|c REF
|d 2017-12-21
|g 400.00
|l 0
|o 304.6095492 BAN
|p 3010005683
|r 2017-12-21
|t 1
|w 2017-12-21
|y BK
|z Not price in Register
|